000 01242cac a2200373 i 4500
003 EG-GICUC
005 20260121101501.0
008 111006s2012 enka frb 001 0 eng d
020 _a9780415588836
_qhbk.
020 _a9781138026025
020 _a9780203814949
_qebook
040 _aDLC
_cDLC
_dDLC
_dEG-GICUC
_beng
_erda
050 0 0 _aJC596
_b.R68 2012
082 0 0 _a343
_221
092 0 4 _221
099 _aLaw 10 2012
245 0 0 _aRoutledge handbook of surveillance studies /
_cedited by Kirstie Ball, Kevin D. Haggerty and David Lyon.
264 _aAbingdon, Oxon ;
_aNew York :
_bRoutledge,
_c2012.
300 _axxxi, 437 page :
_billustrations ;
_c25 cm.
336 _atext
_btxt
_2rdacontent
337 _aunmediated
_bn
_2rdamedia
338 _avolume
_bnc
_2rdacarrier
504 _aIncludes bibliographical references and index.
650 0 _aPrivacy, Right of.
650 0 _aElectronic surveillance
_xSocial aspects.
650 0 _aInformation technology
_xSocial aspects.
650 0 _aSocial control.
700 1 _aLyon, David,
_d1948-
700 1 _aHaggerty, Kevin D.
700 1 _aBall, Kirstie.
856 4 0 _uhttps://fll.law.cu.edu.eg/fulltext/bks/ENGB10-00033.pdf
905 _a10
942 _2ddc
_cBK
_e21
_n0
999 _c50394
_d50394